000 00877nam a2200289 i 4500
001 16800
003 DO-SdUEMH
005 20260206214051.0
007 ta
008 211105s9999||||Waua|||gr|||| 0|| | spa d
020 _a9275321973
040 _aDO-SdUEMH
_bspa
_erda
041 _aspa
082 1 4 _a362.7 O686A
_mCG
084 _b16-00027
110 _aOrganización Panamericana de la Salud OPS
245 0 _aAcciones de Salud Maternoinfantil a Nivel Local: según las metas de la cumbre mundial en favor de la infancia
260 _c1999
264 _aWashington :
_c1999
300 _axxv, 285 páginas :
_bilustraciones ;
_c25 cm.
336 _2rdacontent
_atexto
_btxt
337 _2rdamedia
_asin mediación
_bn
338 _2rdacarrier
_avolumen
_bnc
504 _aContiene Información Bibliográfica a Final de la Obra.
942 _2ddc
_cBK
_n0
999 _c16800
_d16800